Middle Eastern Cities by Clue - Statistics

General Stats
  • This quiz has been taken 33 times
  • The average score is 13 of 20
Answer Stats
Clue City % Correct
Burj Khalifa, Palm Jumeirah, Emirates Dubai
100%
Pyramids, Nile, Tahrir Square Cairo
94%
Hagia Sofia, Bosphorus, Constantinople Istanbul
94%
Holy City, Temple Mount, Western Wall Jerusalem
94%
World Cup, Souq Waqif, Hamad Airport Doha
91%
Muhammad, Kaaba, Hajj Mecca
91%
Nightlife, "Paris of the Middle East", Phoenicians Beirut
81%
Tigris, Abbasid, Silk Road Baghdad
78%
Gulf War, Extreme Heat, Tareq Rajab Museum Kuwait City
78%
Persian Gulf, Sheikh Zayed Mosque, Oil Wealth Abu Dhabi
59%
Red Sea, Corniche, Fish Market Jeddah
59%
Umayyad, Tomb of Saladin, Ancient City Damascus
56%
Golestan Palace, Milad Tower, Pahlavi Tehran
56%
Church of Nativity, Jesus, King David Bethlehem
53%
Citadel, Roman Theatre, King Abdullah Amman
44%
Turquoise Coast, Hadrian's Gate, Kaleiçi Antalya
41%
Desert, Al-Nassr, Masmak Fortress Riyadh
41%
Old Yafo, Mediterranean, Bauhaus Tel Aviv
41%
Sultan's Palace, Sea Turtles, Mutrah Souk Muscat
38%
Baha'i Gardens, Mount Carmel, Technology Haifa
19%
No matching quizzes found
Score Distribution
Percent of People with Each Score
Percentile by Number Answered
Your Score History
You have not taken this quiz